| 000 | 00883pam a22003011i 4500 | ||
|---|---|---|---|
| 999 |
_c5904 _d5904 |
||
| 001 | 019396009 | ||
| 003 | Uk | ||
| 005 | 20251127102458.0 | ||
| 006 | m || d | | ||
| 007 | cr ||||||||||| | ||
| 008 | 190315s2019 enk jo 000|f|eng|d | ||
| 015 |
_aGBB985430 _2bnb |
||
| 020 | _a9781471408410 | ||
| 040 |
_aStDuBDS _beng _cStDuBDS _dUk _dKH8 _erda _epn |
||
| 042 | _aukblsr | ||
| 082 | _aFIC COL | ||
| 100 | 1 |
_aColes, Chloe, _eauthor. |
|
| 245 | 1 | 0 |
_aBookshop girl in Paris / _cChloe Coles. |
| 264 | 1 |
_aLondon : _bHot Key Books, _c2019. |
|
| 300 |
_a250 pages : _c20 cm. |
||
| 336 |
_atext _2rdacontent |
||
| 337 |
_acomputer _2rdamedia |
||
| 338 |
_aonline resource _2rdacarrier |
||
| 588 | _aDescription based on CIP data; resource not viewed. | ||
| 650 | 0 |
_aBennetts Bookshop (Imaginary organization) _vFiction. |
|
| 655 | 0 | _aYoung adult fiction. | |
| 942 |
_2ddc _cFIC |
||